| 000 | 00906nam0a22002651 4500 | ||
|---|---|---|---|
| 001 | rc\3573398 | ||
| 005 | 20130115141020.2 | ||
| 021 |
_aRU _bРг5878-71 |
||
| 021 |
_aRU _b71-2028 |
||
| 035 | _a(NLR Aleph) 007692873 | ||
| 090 |
_a6660061 _c6660061 |
||
| 100 | _a20130115d1970 |||y0rusy50 ca | ||
| 101 | 0 | _arus | |
| 102 | _aRU | ||
| 105 | _aa z ||||| | ||
| 200 | 1 |
_aСборник задач по круговым диаграммам _eУчеб. пособие по курсу "Радиотехн. цепи и сигналы" _fКиевское высш. инж.-авиац. воен. училище ВВС |
|
| 210 |
_aКиев _cБ. и. _d1970 |
||
| 215 |
_a44 с., 1 отд. л. табл. _cил. _d20 |
||
| 320 | _aБиблиогр.: с. 43 | ||
| 700 | 1 |
_aПаленко _bА. А. |
|
| 801 | 0 |
_aRU _bNLR _gpsbo |
|
| 801 | 1 |
_aRU _bELAR _2rusmarc |
|
| 852 |
_aNLR _j71-4/5820 |
||
| 942 | _cBOOK | ||
| 980 | _aNB | ||